Red Fort / (Record no. 79016)

MARC details
000 -LEADER
fixed length control field 00731nam a22002177a 4500
005 - DATE AND TIME OF LATEST TRANSACTION
control field 20140219102035.0
010 ## - LCCN (DPL NO)
LC control number ENG-108467
020 ## - INTERNATIONAL STANDARD BOOK NUMBER
International Standard Book Number 9878187780977
Terms of availability 99.00
035 ## - SYSTEM CONTROL NUMBER
System control number EN-92000
037 ## - SOURCE OF ACQUISITION
Source of stock number/acquisition DBAD/PUB
082 ## - DEWEY DECIMAL CLASSIFICATION NUMBER
Classification number 915.45604532
245 ## - TITLE STATEMENT
Title Red Fort /
Statement of responsibility, etc based on the text of Y.D. Sharma
260 ## - PUBLICATION, DISTRIBUTION, ETC. (IMPRINT)
Place of publication, distribution, etc New Delhi
Name of publisher, distributor, etc Archaeological Survey of India
Date of publication, distribution, etc 2009
270 ## - ADDRESS
City New Delhi
Address Archaeological Survey of India
300 ## - PHYSICAL DESCRIPTION
Extent 96p. :
Other physical details ill. (chiefly col.), maps
Dimensions 25cm(pbk)
490 ## - SERIES STATEMENT
Series statement World heritage series
500 ## - GENERAL NOTE
General note Includes bibliographical references (p. 95-96).
700 ## - ADDED ENTRY--PERSONAL NAME
Personal name Sharma, Y. D.,
Dates associated with a name 1916-2002.
710 ## - ADDED ENTRY--CORPORATE NAME
Corporate name or jurisdiction name as entry element Archaeological Survey of India
942 ## - ADDED ENTRY ELEMENTS (KOHA)
Source of classification or shelving scheme Dewey Decimal Classification
Item type English Books
Call number suffix RED
Classification part 915.45604532
Holdings
Withdrawn status Lost status Not for loan Collection code Home library Current library Date acquired Source of acquisition Cost, normal purchase price Full call number Barcode Copy number Cost, replacement price Koha item type
    Not For Loan Non-fiction D.B.Act.Division D.B.Act.Division 03/09/2013 DBAD / PUB 99.00 915.45604532 RED EN-92000 1 99.00 English Books

© Delhi Public Library
Hit Counter
free hit counter